N'oubliez pas les paroles ! #1 - Statistiques

Statistiques générales
  • Ce quiz a été pris 225 fois
    150 depuis la dernière actualisation
  • Le résultat moyen est 6 sur 10
Statistiques - réponses
Chansons Chanteurs Phrases précédentes Paroles à trouver % Correct
Les Démons de Minuit Images J'aime cette fille, sur talons aiguilles qui se déhanche, ça met un peu de chaleur au fond de mon coeur. Ils m'entraînent au bout de la nuit... (4mots) Les démons de minuit.
99%
Partenaire Particulier Partenaire Particulier J'en ai assez de ce carcan
Qui m'enferme dans toutes ces règles
Ils me disent de rester dans la norme
Mais l'on finit par s'y ennuyer Alors je cherche et je trouverai...(6 mots)
Cette fille qui me manque tant
90%
Elle a les Yeux Revolvers Marc Lavoine Un peu spéciale, elle est célibataire
Le visage pâle, les cheveux en arrière
Et j'aime ça
Tell'ment si femme quand elle dort
Tell'ment si belle, je l'aime tell'ment si fort Elle a les yeux revolver, elle...(5 mots)
A le regard qui tue
88%
Voyage, Voyage Desireless Vole dans les hauteurs
Au d´ssus des capitales
Des idées fatales
Regarde l´océan
Voyage voyage
Plus loin que... (5 mots)
La nuit et le jour
70%
Nuit de Folie Début de Soirée Et tu chantes, chantes, chantes ce refrain qui te plaît Et tu tapes, tapes, tapes, c'est ta façon d'aimer
Ce rythme qui t'entraîne jusqu'au bout de la nuit
Réveille en toi... (7 mots)
Le tourbillon d'un vent de folie
69%
Les Lacs du Connemara Michel Sardou Et de quoi boire
Trois jours et deux nuits.
Là -bas, au Connemara,
On sait tout le prix du silence
Là-bas, au Connemara,
On dit que... (6 mots)
La vie
C'est une folie
57%
Encore et Encore Francis Cabrel Et ça continue encore et encore
C'est que le début d'accord, d'accord...
Quelque chose vient de tomber
Sur les lames de ton plancher
C'est toujours le même film qui passe
T'es... (7 mots)
Toute seule au fond de l'espace
49%
L'Aventurier Indochine A la recherche de l'Ombre Jaune
Le bandit s'appelle Mister Kali Jones
Avec l'ami Bill Ballantine
Sauvé de justesse des crocodiles
Stop... (4 mots)
Au trafic des Caraïbes
44%
Mistral Gagnant Renaud Te parler du bon temps qu'est mort ou qui r'viendra
En serrant dans ma main tes p'tits doigts
Pi donner à bouffer à des pigeons idiots
Leur filer des coups d'pied pour de faux
Et entendre ton rire qui lézarde les murs
Qui sait... (4 mots)
Surtout guérir mes blessures
44%
Quand la Musique est Bonne Jean-Jacques Goldman Des champs de coton dans ma mémoire Trois notes de blues c’est un peu d’amour noir
Quand je suis trop court quand je suis trop tard C’est un recours pour une autre histoire
Quand la musique est... (5 mots)
Bonne,Quand la musique donne
39%
Aucun quiz correspondant
Distribution des résultats
% des personnes avec chaque résultat
Percentile par nombre de réponses
Votre historique - résultats
Vous n’avez pas pris ce quiz depuis la dernière actualisation